Red Azalea (Record no. 577768)

MARC details
000 -LEADER
fixed length control field 00987nam a2200169Ia 4500
008 - FIXED-LENGTH DATA ELEMENTS--GENERAL INFORMATION
fixed length control field 250728s9999 xx 000 0 und d
020 ## - INTERNATIONAL STANDARD BOOK NUMBER
ISBN 9780747596035
082 ## - DEWEY DECIMAL CLASSIFICATION NUMBER
Classification number 951.05092
Item number MIN
100 ## - MAIN ENTRY--AUTHOR NAME
Personal name Min, Anchee
245 #0 - TITLE STATEMENT
Title Red Azalea
260 ## - PUBLICATION, DISTRIBUTION, ETC. (IMPRINT)
Name of publisher Bloomsbury Paperbacks
Year of publication 2009
300 ## - PHYSICAL DESCRIPTION
Number of Pages 303 pages
500 ## - GENERAL NOTE
General note Born into a devoutly Maoist family in 1950s Shanghai and forced to work on a communal farm from the age of seventeen, Anchee Min found herself in an alienating and hostile political climate, where her only friendships were perilous and intense. Both candid and touching, this compelling memoir documents her isolation and illicit love against the backdrop of China's Cultural Revolution. From her coming of age in the Red Guard to her recruitment in Madame Mao's burgeoning industry of propaganda movies, Red Azalea explores the secret sensuality of a repressive society with elegance and honesty.
650 ## - SUBJECT ADDED ENTRY--TOPICAL TERM
Topical Term Artists
942 ## - ADDED ENTRY ELEMENTS (KOHA)
Koha item type English Books
Holdings
Withdrawn status Lost status Damaged status Not for loan Home library Current library Shelving location Date acquired Full call number Accession Number Price effective from Koha item type
        Anna Centenary Library Anna Centenary Library 7TH FLOOR, B WING 28.07.2025 951.05092 MIN 499204 28.07.2025 English Books

Find us on the map